000 00287nam a22001337a 4500
008 171107b xxu||||| |||| 00| 0 eng d
020 _a0471574627
041 _aeng
080 _23RD
_a721.053
100 _a62
101 _aAUD
245 _aAUDIT SAMPLING
_cGUY,D,M
942 _2udc
_cBK
999 _c38168
_d38168